Estudio institucional de la Sala de Alcaldes de Casa y Corte durante el reinado de Carlos II / (Record no. 8299)

MARC details
000 -LEADER
campo de control de longitud fija 00837nam a2200229 i 4500
001 - NÚMERO DE CONTROL
campo de control 8299
003 - IDENTIFICADOR DE NÚMERO DE CONTROL
campo de control ES-MaACL
005 - FECHA Y HORA DE LA ÚLTIMA TRANSACCIÓN
campo de control 20250811073240.0
007 - CAMPO FIJO DE DESCRIPCIÓN FÍSICA--INFORMACIÓN GENERAL
campo de control de longitud fija t|
008 - DATOS DE LONGITUD FIJA--INFORMACIÓN GENERAL
campo de control de longitud fija 920430s1989 sp ||||1| spa d
020 ## - NÚMERO INTERNACIONAL ESTÁNDAR DEL LIBRO
Número Internacional Estándar del Libro 84-505-8993-2
080 ## - NÚMERO DE LA CLASIFICACIÓN DECIMAL UNIVERSAL
Número de la Clasificación Decimal Universal 351.75(464.1)"16"
100 1# - ENTRADA PRINCIPAL--NOMBRE DE PERSONA
Nombre de persona Sánchez Gómez, Rosa Isabel.
9 (RLIN) 102682
245 10 - MENCIÓN DEL TÍTULO
Título Estudio institucional de la Sala de Alcaldes de Casa y Corte durante el reinado de Carlos II /
Mención de responsabilidad, etc. Rosa Isabel Sánchez Gómez.
260 ## - PUBLICACIÓN, DISTRIBUCIÓN, ETC.
Lugar de publicación, distribución, etc. Madrid :
Nombre del editor, distribuidor, etc. Secretaría General Técnica del Ministerio del Interior,
Fecha de publicación, distribución, etc. D.L. 1989.
300 ## - DESCRIPCIÓN FÍSICA
Extensión 145 p. ;
Dimensiones 24 cm.
610 17 - PUNTO DE ACCESO ADICIONAL DE MATERIA--NOMBRE DE ENTIDAD CORPORATIVA
Nombre de entidad corporativa o nombre de jurisdicción como elemento de entrada Madrid.
Unidad subordinada Sala de Alcaldes de Casa y Corte.
9 (RLIN) 5631
650 ## - PUNTO DE ACCESO ADICIONAL DE MATERIA--TÉRMINO DE MATERIA
Término de materia o nombre geográfico como elemento de entrada Orden público-
Subdivisión geográfica Madrid.
9 (RLIN) 175839
710 1# - ENTRADA AGREGADA--NOMBRE DE ENTIDAD CORPORATIVA
Nombre de entidad corporativa o nombre de jurisdicción como elemento de entrada España.
Unidad subordinada Ministerio del Interior
9 (RLIN) 3941
852 ## - LOCALIZACIÓN
Ubicación ES-MaACL
Número de control de estantería L-15677
Sublocalización o colección R.120075
Holdings
Estatus retirado Estado de pérdida Estado de daño No para préstamo Biblioteca de origen Biblioteca actual Ubicación en estantería Fecha de adquisición Fuente de adquisición Total de préstamos Signatura topográfica completa Código de barras Visto por última vez Precio de reemplazo Tipo de ítem Koha
        Biblioteca del Ateneo de Madrid Biblioteca del Ateneo de Madrid Depósito 2 17/01/2008     L-15677 1008471 23/02/2023 23/02/2023 Libro impreso